000 00268nam a2200109Ia 4500
008 190216s9999||||xx |||||||||||||| ||und||
100 _aAgasyan P K
245 0 _aQualitative Chemical Semi Micro Analysis
260 _bMir Pubs Moscow
650 _aChemistry
942 _cBK
999 _c2097
_d2097